000
00295nam a22001337a 4500
008
181010b xxu||||| |||| 00| 0 eng d
020
_a
0534588166
041
_a
eng
080
_2
8th
_a
159.9
100
_a
48
101
_a
PSI
245
_a
Biological Psychology
_c
Kalat,J.W
942
_2
udc
_c
BK
999
_c
49293
_d
49293